| 000 | 01031cam a2200289 a 4500 | ||
|---|---|---|---|
| 999 |
_c24108 _d24108 |
||
| 001 | 12122045 | ||
| 005 | 20170127163950.0 | ||
| 008 | 000728s2001 txua b 001 0 eng | ||
| 010 | _a 00107251 | ||
| 020 | _a0030258413 | ||
| 040 |
_aDLC _cDLC _dDLC |
||
| 042 | _apcc | ||
| 043 | _an-us--- | ||
| 050 | 0 | 0 |
_aHD8072.5 _b.H65 2001 |
| 100 | 1 | _aHolley, William H. | |
| 245 | 1 | 4 |
_aThe labor relations process / _cWilliam H. Holley, Jr., Kenneth M. Jennings, Roger S. Wolters. |
| 250 | _a7th ed. | ||
| 260 |
_aFort Worth : _bHarcourt College Publishers, _cc2001. |
||
| 300 |
_axvii, 638 p. : _bill. (some col.) ; _c27 cm. |
||
| 504 | _aIncludes bibliographical references and indexes. | ||
| 650 | 0 |
_aIndustrial relations _zUnited States. |
|
| 700 | 1 | _aJennings, Kenneth M. | |
| 700 | 1 | _aWolters, Roger S. | |
| 942 |
_2lcc _cBOOKS _hHD8072.5 .H65 2001 |
||